Modern mountain warfare: Integrating technology and strategy (Record no. 393747)

MARC details
000 -LEADER
fixed length control field 00528 a2200193 4500
005 - DATE & TIME
control field 20260130161558.0
008 - FIXED-LENGTH DATA ELEMENTS--GENERAL INFORMATION
fixed length control field 260129b |||||||| |||| 00| 0 eng d
020 ## - ISBN
International Standard Book Number 9789391597863
Price Rs. 1295.00
040 ## - CATALOGING SOURCE
Original cataloging agency VIVEKANANDA LIBRARY
082 ## - DDC NUMBER
Classification number 355.426
Book Number R186M
100 ## - MAIN ENTRY--PERSONAL NAME
Personal name Rastogi, Payal
245 ## - TITLE STATEMENT
Title Modern mountain warfare: Integrating technology and strategy
260 ## - PUBLICATION, DISTRIBUTION, ETC. (IMPRINT)
Name of publisher, distributor, etc Misha Books
Date of publication, distribution, etc 2025
Place of publication, distribution, etc Delhi
300 ## - PHYSICAL DESCRIPTION
Pages vi, 256
650 ## - Subject
Subject Military Science
650 ## - Subject
Subject Military Operations
650 ## - Subject
Subject Mountain Warfare
942 ## - ADDED ENTRY ELEMENTS (KOHA)
Koha item type Books
Holdings
Withdrawn status Lost status Source of classification or shelving scheme Damaged status Not for loan Location (home branch) Sublocation or collection (holding branch) Shelving location Date acquired Koha issues (times borrowed) Koha full call number Accession No. Koha date last seen Koha item type
    Dewey Decimal Classification     VIVEKANANDA LIBRARY VIVEKANANDA LIBRARY Vivekananda Library 03/12/2025   355.426 R186M 443368 03/12/2025 Books
© Designed and Maintained by Vivekananda Library, MDU Rohtak